[Event "II MAGISTRAL VERANO ABC_COLOR 2014"]
[Site "Asuncion"]
[Date "2014.01.25"]
[Round "1"]
[White "Jimenez, Joaquin"]
[Black "Brito, Luismar"]
[Result "1/2-1/2"]
[WhiteElo "2190"]
[BlackElo "2271"]
[PlyCount "32"]
[EventDate "2014.01.25"]
[EventRounds "9"]
[EventCountry "PAR"]

1. e4 c5 2. Nf3 d6 3. d4 cxd4 4. Nxd4 Nf6 5. Nc3 a6 6. Bg5 e6 7. f4 Be7 8. Qf3
h6 9. Bh4 Nbd7 10. O-O-O Qc7 11. Be2 g5 12. fxg5 Ne5 13. Qe3 Nfg4 14. Qd2 Qc5
15. Na4 Qc7 16. Nc3 Qc5 1/2-1/2

[Event "II MAGISTRAL VERANO ABC_COLOR 2014"]
[Site "Asuncion"]
[Date "2014.01.25"]
[Round "1"]
[White "Almiron, Antonio"]
[Black "Kropff, Ricardo"]
[Result "1/2-1/2"]
[WhiteElo "2221"]
[BlackElo "2218"]
[PlyCount "35"]
[EventDate "2014.01.25"]
[EventRounds "9"]
[EventCountry "PAR"]

1. e4 c6 2. d4 d5 3. Nd2 dxe4 4. Nxe4 Bf5 5. Ng3 Bg6 6. h4 h6 7. Nf3 Nd7 8. h5
Bh7 9. Bd3 Bxd3 10. Qxd3 e6 11. Bd2 Ngf6 12. O-O-O Be7 13. Ne4 Qb6 14. Nxf6+
Bxf6 15. Qa3 a5 16. Rhe1 Qb5 17. g4 Be7 18. Qb3 1/2-1/2

[Event "II MAGISTRAL VERANO ABC_COLOR 2014"]
[Site "Asuncion"]
[Date "2014.01.25"]
[Round "1"]
[White "Zacarias, M Ruben D"]
[Black "Peralta, Eduardo"]
[Result "1-0"]
[WhiteElo "2174"]
[BlackElo "2212"]
[PlyCount "99"]
[EventDate "2014.01.25"]
[EventRounds "9"]
[EventCountry "PAR"]

1. e4 c5 2. Nf3 Nc6 3. d4 cxd4 4. Nxd4 Nf6 5. Nc3 d6 6. Be2 e5 7. Nf3 h6 8. O-O
Be7 9. h3 O-O 10. Re1 Be6 11. Bf1 Nb8 12. b3 Nbd7 13. Bb2 a6 14. a4 Qc7 15. Nd2
Rfd8 16. Nc4 Rac8 17. Ne3 Nc5 18. Bc4 Qc6 19. Ned5 Bxd5 20. Nxd5 Nxd5 21. Bxd5
Qd7 22. a5 Ne6 23. g3 Nc7 24. Bxb7 Rb8 25. Bd5 Qxh3 26. Ra4 Nxd5 27. Qxd5 Rb5
28. Qd3 Qe6 29. c4 Rb7 30. b4 Rdb8 31. Bc3 h5 32. Rb1 Qd7 33. Ra2 h4 34. Rab2
Rc7 35. Bd2 Qg4 36. b5 d5 37. cxd5 Bc5 38. Kg2 Bd4 39. Rb3 axb5 40. Be3 hxg3
41. f3 Qg6 42. Bxd4 exd4 43. e5 Qh5 44. Rh1 Qxe5 45. Qh7+ Kf8 46. d6 Qxd6 47.
Qe4 f6 48. Rh8+ Kf7 49. Rxb8 Re7 50. Rb6 1-0

[Event "II MAGISTRAL VERANO ABC_COLOR 2014"]
[Site "Asuncion"]
[Date "2014.01.25"]
[Round "1"]
[White "Cortes Orihuela, Javier"]
[Black "Valiente, Cristobal"]
[Result "0-1"]
[WhiteElo "2146"]
[BlackElo "2240"]
[PlyCount "82"]
[EventDate "2014.01.25"]
[EventRounds "9"]
[EventCountry "PAR"]

1. d4 Nf6 2. c4 g6 3. Nc3 Bg7 4. e4 d6 5. Nf3 O-O 6. h3 c5 7. d5 b5 8. cxb5 a6
9. a4 axb5 10. Bxb5 Ba6 11. Bxa6 Nxa6 12. O-O Nd7 13. Nd2 Nb4 14. Nc4 Ne5 15.
Nxe5 Bxe5 16. Qe2 Qd7 17. Nb5 Rfb8 18. Ra3 Rc8 19. b3 e6 20. Bb2 exd5 21. exd5
Re8 22. Qd2 Bxb2 23. Qxb2 Re5 24. Nc3 Nxd5 25. f4 Rh5 26. g4 Nxc3 27. gxh5 Qxh3
28. Qg2 Qe3+ 29. Kh2 Re8 30. Raa1 Qe7 31. Rae1 Ne4 32. Re3 d5 33. Rh3 Qd6 34.
Kh1 d4 35. hxg6 fxg6 36. f5 Kg7 37. fxg6 hxg6 38. Rhf3 Qd5 39. Rf4 Qh5+ 40. Kg1
Ng5 41. Kf2 Re2+ 0-1

[Event "II MAGISTRAL VERANO ABC_COLOR 2014"]
[Site "Asuncion"]
[Date "2014.01.26"]
[Round "2"]
[White "Brito, Luismar"]
[Black "Gomez Benitez, Pedro"]
[Result "0-1"]
[WhiteElo "2271"]
[BlackElo "2058"]
[PlyCount "108"]
[EventDate "2014.01.25"]
[EventRounds "9"]
[EventCountry "PAR"]

1. Nc3 d5 2. e4 c6 3. d4 dxe4 4. Nxe4 Bf5 5. Ng3 Bg6 6. h4 h6 7. Nf3 Nd7 8. h5
Bh7 9. Bd3 Bxd3 10. Qxd3 e6 11. Bf4 Bb4+ 12. c3 Be7 13. Ne4 Ndf6 14. Ned2 Nd5
15. Be5 Ngf6 16. a3 O-O 17. Nc4 c5 18. Rd1 Rc8 19. Qe2 b5 20. Ne3 c4 21. Qc2 a5
22. Nxd5 Qxd5 23. Kf1 Rfd8 24. Re1 Rd7 25. Rh3 Rb7 26. Bf4 b4 27. axb4 axb4 28.
Re5 Qd8 29. Rg3 Kf8 30. Qd2 bxc3 31. bxc3 Rb1+ 32. Ne1 Bd6 33. Bxh6 gxh6 34.
Qxh6+ Ke7 35. Qg5 Kd7 36. Rf3 Bxe5 37. Qxe5 Nd5 38. Rxf7+ Ne7 39. h6 Ra8 40. d5
Raa1 41. Qxe6+ Ke8 42. Rxe7+ Qxe7 43. Qc8+ Kf7 44. Qf5+ Qf6 45. Qd7+ Kg6 46.
Qg4+ Kh7 47. Qd7+ Kg8 48. h7+ Kh8 49. Qe8+ Kxh7 50. Qe4+ Kh6 51. Qe3+ Kg7 52.
Qg3+ Kf7 53. Qc7+ Qe7 54. Qf4+ Ke8 0-1

[Event "II MAGISTRAL VERANO ABC_COLOR 2014"]
[Site "Asuncion"]
[Date "2014.01.26"]
[Round "2"]
[White "Peralta, Eduardo"]
[Black "Cortes Orihuela, Javier"]
[Result "1-0"]
[WhiteElo "2212"]
[BlackElo "2146"]
[PlyCount "79"]
[EventDate "2014.01.25"]
[EventRounds "9"]
[EventCountry "PAR"]

1. d4 Nf6 2. c4 g6 3. Nc3 d5 4. Nf3 Bg7 5. Bg5 Ne4 6. Bh4 Nxc3 7. bxc3 dxc4 8.
Qa4+ Qd7 9. Qxc4 b6 10. e4 Ba6 11. Qb3 Bxf1 12. Kxf1 O-O 13. h3 c5 14. Rd1 cxd4
15. cxd4 Nc6 16. d5 Na5 17. Qb4 e6 18. Kg1 Rac8 19. Kh2 Nc4 20. Qe7 Rc7 21.
Qxd7 Rxd7 22. dxe6 Rxd1 23. exf7+ Rxf7 24. Rxd1 h6 25. Rd5 g5 26. Bg3 Re7 27.
Rd8+ Kh7 28. e5 Nxe5 29. Nxe5 Bxe5 30. Bxe5 Rxe5 31. Rd7+ Kg6 32. Rxa7 Re2 33.
Ra6 Kg7 34. Kg3 Rc2 35. Kf3 b5 36. g3 b4 37. h4 gxh4 38. gxh4 b3 39. axb3 Rc3+
40. Kg4 {Negras pierden por tiempo} 1-0

[Event "II MAGISTRAL VERANO ABC_COLOR 2014"]
[Site "Asuncion"]
[Date "2014.01.26"]
[Round "2"]
[White "Kropff, Ricardo"]
[Black "Zacarias, M Ruben D"]
[Result "1-0"]
[WhiteElo "2218"]
[BlackElo "2174"]
[PlyCount "101"]
[EventDate "2014.01.25"]
[EventRounds "9"]
[EventCountry "PAR"]

1. d4 Nf6 2. Nf3 c5 3. d5 b5 4. Bg5 Qb6 5. c3 Bb7 6. Bxf6 gxf6 7. e4 Rg8 8. g3
e6 9. Bg2 Na6 10. O-O Nc7 11. c4 O-O-O 12. Nc3 b4 13. Na4 Qa6 14. a3 b3 15.
Qxb3 f5 16. dxe6 fxe6 17. exf5 exf5 18. Nc3 f4 19. Rad1 Ne6 20. Nb5 Be7 21.
Rfe1 h5 22. Ne5 Bxg2 23. Kxg2 fxg3 24. fxg3 Qb7+ 25. Qf3 Qxf3+ 26. Nxf3 a6 27.
Nc3 h4 28. Nd5 Bg5 29. Re4 hxg3 30. hxg3 Rg7 31. Rg4 Kb7 32. Nxg5 Rxg5 33. Rxg5
Nxg5 34. Rf1 Re8 35. Rf2 Re4 36. b3 Rd4 37. Re2 Rd3 38. Re3 Rd2+ 39. Kf1 a5 40.
a4 Rb2 41. Nf4 Kb6 42. g4 Kc7 43. Re5 Nf3 44. Rxc5+ Kd6 45. Rd5+ Ke7 46. g5
Rxb3 47. g6 Nh2+ 48. Kg2 Ng4 49. Rg5 Nf6 50. g7 Ng8 51. Nd5+ 1-0

[Event "II MAGISTRAL VERANO ABC_COLOR 2014"]
[Site "Asuncion"]
[Date "2014.01.26"]
[Round "2"]
[White "Jimenez, Joaquin"]
[Black "Almiron, Antonio"]
[Result "1/2-1/2"]
[WhiteElo "2190"]
[BlackElo "2221"]
[PlyCount "65"]
[EventDate "2014.01.25"]
[EventRounds "9"]
[EventCountry "PAR"]

1. e4 e6 2. d4 d5 3. Nc3 Nf6 4. e5 Nfd7 5. f4 c5 6. Nf3 Nc6 7. Be3 Be7 8. a3
O-O 9. dxc5 Nxc5 10. b4 Nd7 11. Bd3 f6 12. Ng5 fxg5 13. Qh5 Rf5 14. Bxf5 exf5
15. Nxd5 gxf4 16. Bxf4 Nb6 17. Rd1 Qf8 18. Nc7 Bd7 19. Rxd7 Nxd7 20. Nxa8 Qxa8
21. Qxf5 Qe8 22. O-O Nf8 23. Be3 a6 24. c4 Nd8 25. Qf3 Qc6 26. Qd5+ Qe6 27. Bb6
Nf7 28. Bd4 b5 29. Rc1 Bg5 30. Rc2 Qf5 31. Rf2 Qe6 32. Rc2 Qf5 33. Rf2 1/2-1/2

[Event "II MAGISTRAL VERANO ABC_COLOR 2014"]
[Site "Asuncion"]
[Date "2014.01.26"]
[Round "3"]
[White "Almiron, Antonio"]
[Black "Brito, Luismar"]
[Result "0-1"]
[WhiteElo "2221"]
[BlackElo "2271"]
[PlyCount "88"]
[EventDate "2014.01.25"]
[EventRounds "9"]
[EventCountry "PAR"]

1. c4 b6 2. Nc3 e6 3. Nf3 Bb7 4. g3 Bxf3 5. exf3 c5 6. d4 cxd4 7. Qxd4 Nc6 8.
Qf4 Rc8 9. Be2 Nge7 10. O-O Nf5 11. Rd1 Bc5 12. Kg2 O-O 13. Bd3 Nfd4 14. b3 f5
15. Bb2 Qf6 16. Qd2 Bb4 17. f4 Rb8 18. Rac1 d6 19. Qe3 Bc5 20. Qe1 Qf7 21. Be2
Qb7 22. f3 Rfe8 23. Qf1 a6 24. Bd3 g6 25. Re1 Bb4 26. Re3 Rbd8 27. Rd1 Bc5 28.
Ree1 Nb4 29. Bc1 Qg7 30. Bd2 h6 31. Bb1 g5 32. fxg5 hxg5 33. Na4 g4 34. Nxc5
gxf3+ 35. Kh1 dxc5 36. Bc3 Nbc6 37. Re3 Qg5 38. Bd3 e5 39. Qf2 Rd7 40. Bf1 e4
41. Rd2 Rg7 42. b4 f4 43. gxf4 Qxf4 44. b5 Nf5 0-1

[Event "II MAGISTRAL VERANO ABC_COLOR 2014"]
[Site "Asuncion"]
[Date "2014.01.26"]
[Round "3"]
[White "Zacarias, M Ruben D"]
[Black "Jimenez, Joaquin"]
[Result "1/2-1/2"]
[WhiteElo "2174"]
[BlackElo "2190"]
[PlyCount "44"]
[EventDate "2014.01.25"]
[EventRounds "9"]
[EventCountry "PAR"]

1. e4 e5 2. Nf3 Nc6 3. d4 exd4 4. Nxd4 Nf6 5. Nc3 Bb4 6. Nxc6 bxc6 7. Bd3 d5 8.
exd5 Qe7+ 9. Qe2 cxd5 10. Qxe7+ Kxe7 11. Bd2 Be6 12. Na4 Bd6 13. b4 Rhb8 14.
Nc5 Nd7 15. Nxe6 fxe6 16. a3 Kf7 17. f4 c5 18. bxc5 Nxc5 19. Ke2 Nxd3 20. Kxd3
Rb7 21. Be3 Rc8 22. Bd4 a6 1/2-1/2

[Event "II MAGISTRAL VERANO ABC_COLOR 2014"]
[Site "Asuncion"]
[Date "2014.01.26"]
[Round "3"]
[White "Cortes Orihuela, Javier"]
[Black "Kropff, Ricardo"]
[Result "1-0"]
[WhiteElo "2146"]
[BlackElo "2218"]
[PlyCount "137"]
[EventDate "2014.01.25"]
[EventRounds "9"]
[EventCountry "PAR"]

1. d4 d5 2. c4 dxc4 3. e3 Nf6 4. Bxc4 e6 5. Nf3 c5 6. O-O Nc6 7. Nc3 cxd4 8.
exd4 Be7 9. a3 O-O 10. Re1 b6 11. Bd3 Bb7 12. Bc2 Rc8 13. Qd3 g6 14. Bh6 Re8
15. Rad1 Na5 16. Ne5 a6 17. Qh3 Bd5 18. b4 Nc4 19. Nxd5 Qxd5 20. Nxc4 Qxc4 21.
Bb3 Qc6 22. Qd3 b5 23. h3 Red8 24. Bg5 Qb6 25. h4 Rc7 26. Qf3 Kg7 27. Bf4 Ra7
28. Be5 h5 29. Qf4 Rdd7 30. Re3 Qd8 31. Rf3 a5 32. Re1 axb4 33. axb4 Ra3 34.
Ree3 Ra1+ 35. Kh2 Kg8 36. Bxf6 Bxf6 37. Qxf6 Qxf6 38. Rxf6 Rxd4 39. g3 Rxb4 40.
Ref3 Ra7 41. R6f4 Rxf4 42. Rxf4 Rc7 43. Rb4 Rc5 44. Kg2 Kg7 45. Bd1 Re5 46. Bf3
Kf6 47. Bc6 Rc5 48. Bxb5 Kg7 49. Be2 Kf6 50. Rb7 Kg7 51. Bb5 Rf5 52. Bd7 Kg8
53. Rb5 Rf6 54. Rb3 Kg7 55. Ba4 Rf5 56. Rb5 Rf6 57. Bc2 Kg8 58. Re5 Kg7 59. Re3
e5 60. Rxe5 Kg8 61. Re7 Kg7 62. Bb3 Kg8 63. Rxf7 Rxf7 64. Bxf7+ Kxf7 65. Kf3
Kf6 66. Kf4 Kg7 67. Kg5 Kh7 68. f4 Kg7 69. f5 1-0

[Event "II MAGISTRAL VERANO ABC_COLOR 2014"]
[Site "Asuncion"]
[Date "2014.01.26"]
[Round "3"]
[White "Gomez Benitez, Pedro"]
[Black "Valiente, Cristobal"]
[Result "0-1"]
[WhiteElo "2058"]
[BlackElo "2240"]
[PlyCount "58"]
[EventDate "2014.01.25"]
[EventRounds "9"]
[EventCountry "PAR"]

1. d4 Nf6 2. c4 e6 3. Nc3 Bb4 4. f3 c5 5. a3 cxd4 6. axb4 dxc3 7. e4 d5 8. bxc3
dxe4 9. Qc2 exf3 10. Nxf3 Nbd7 11. Bd3 O-O 12. O-O Qc7 13. Nd4 b6 14. Bf4 e5
15. Bg3 g6 16. h3 Bb7 17. Nb5 Qb8 18. Rae1 Re8 19. Qf2 a6 20. Nd4 Qd6 21. Bc2
Rac8 22. Bb3 Re7 23. Qe3 Ne4 24. Bh2 Rce8 25. Nf3 Qe6 26. Qh6 f6 27. Re3 b5 28.
Bc2 Nd6 29. Nh4 Nf7 0-1

[Event "II MAGISTRAL VERANO ABC_COLOR 2014"]
[Site "Asuncion"]
[Date "2014.01.27"]
[Round "4"]
[White "Brito, Luismar"]
[Black "Valiente, Cristobal"]
[Result "1/2-1/2"]
[WhiteElo "2271"]
[BlackElo "2240"]
[PlyCount "20"]
[EventDate "2014.01.25"]
[EventRounds "9"]
[EventCountry "PAR"]

1. e4 c5 2. Nf3 e6 3. d4 cxd4 4. Nxd4 Nc6 5. Nxc6 bxc6 6. Bd3 Nf6 7. O-O d5 8.
Nd2 Be7 9. Qf3 O-O 10. c4 Bb7 1/2-1/2

[Event "II MAGISTRAL VERANO ABC_COLOR 2014"]
[Site "Asuncion"]
[Date "2014.01.27"]
[Round "4"]
[White "Peralta, Eduardo"]
[Black "Gomez Benitez, Pedro"]
[Result "1-0"]
[WhiteElo "2212"]
[BlackElo "2058"]
[PlyCount "60"]
[EventDate "2014.01.25"]
[EventRounds "9"]
[EventCountry "PAR"]

1. Nf3 d5 2. g3 c6 3. Bg2 Nf6 4. b3 Bg4 5. Bb2 e6 6. O-O Nbd7 7. d3 Bd6 8. Nbd2
O-O 9. Qe1 e5 10. e4 Re8 11. h3 Bh5 12. Nh4 a5 13. a3 Qc7 14. Kh1 Rad8 15. Nf5
Bf8 16. f4 exf4 17. gxf4 dxe4 18. dxe4 Bg6 19. Ng3 Nh5 20. Nxh5 Bxh5 21. Nc4 a4
22. b4 f6 23. Qf2 Bf7 24. Ne3 Nb6 25. e5 Nc4 26. Nxc4 Bxc4 27. exf6 Bxf1 28.
Bxf1 Qd7 29. Bc4+ Kh8 30. Qg2 gxf6 1-0

[Event "II MAGISTRAL VERANO ABC_COLOR 2014"]
[Site "Asuncion"]
[Date "2014.01.27"]
[Round "4"]
[White "Jimenez, Joaquin"]
[Black "Cortes Orihuela, Javier"]
[Result "1-0"]
[WhiteElo "2190"]
[BlackElo "2146"]
[PlyCount "127"]
[EventDate "2014.01.25"]
[EventRounds "9"]
[EventCountry "PAR"]

1. e4 e5 2. Nf3 Nf6 3. Nc3 Bb4 4. Nxe5 Bxc3 5. dxc3 O-O 6. Be2 Nxe4 7. O-O d6
8. Nd3 Nd7 9. Re1 Ndc5 10. Be3 Ne6 11. a4 a5 12. Nf4 Nxf4 13. Bxf4 Nc5 14. Be3
Nd7 15. c4 b6 16. Qd5 Rb8 17. Bg5 Nf6 18. Qd4 Bb7 19. Bd3 c5 20. Qf4 Bc8 21.
Re3 h6 22. Bh4 Be6 23. Rf3 Re8 24. Bxf6 Qxf6 25. Qxf6 gxf6 26. Rxf6 Bd7 27. Rf3
Kg7 28. b3 Re5 29. Re3 Rxe3 30. fxe3 Re8 31. Kf2 Bc6 32. Rd1 Kf6 33. Be2 Ke7
34. Bf3 Bd7 35. Rd5 f5 36. Kg3 Be6 37. Rd2 Rg8+ 38. Kf4 Rg7 39. h3 Rf7 40. Rf2
Rf8 41. Bd5 Bxd5 42. cxd5 c4 43. Rf3 cxb3 44. cxb3 b5 45. axb5 Rb8 46. Kxf5
Rxb5 47. e4 Rb8 48. Kf4 Rb5 49. Rc3 Rb8 50. Rc7+ Kf6 51. Rh7 Rxb3 52. Rxh6+ Ke7
53. Kf5 a4 54. Rh7+ Kd8 55. Ra7 Rg3 56. Rxa4 Rxg2 57. h4 Rh2 58. Ke6 Rxh4 59.
Kxd6 Kc8 60. Kc6 Kb8 61. d6 Rh5 62. Rb4+ Ka7 63. d7 Rh8 64. Kc7 1-0

[Event "II MAGISTRAL VERANO ABC_COLOR 2014"]
[Site "Asuncion"]
[Date "2014.01.27"]
[Round "4"]
[White "Almiron, Antonio"]
[Black "Zacarias, M Ruben D"]
[Result "1-0"]
[WhiteElo "2221"]
[BlackElo "2174"]
[PlyCount "205"]
[EventDate "2014.01.25"]
[EventRounds "9"]
[EventCountry "PAR"]

1. d4 Nf6 2. c4 g6 3. Nc3 Bg7 4. e4 d6 5. Nf3 O-O 6. Be2 Na6 7. O-O e5 8. Be3
Ng4 9. Bg5 Qe8 10. Re1 exd4 11. Nd5 c6 12. Ne7+ Kh8 13. Nxc8 Rxc8 14. h3 Nf6
15. Nxd4 Nc5 16. Bf1 Qd7 17. f3 Ne6 18. Nxe6 Qxe6 19. Qd2 Rcd8 20. Rad1 Rd7 21.
b3 c5 22. g3 Ng8 23. Kg2 h6 24. Be3 Rfd8 25. Kh2 Qf6 26. Bg2 Qc3 27. Re2 f5 28.
exf5 gxf5 29. Qxc3 Bxc3 30. Rd3 Ba5 31. Bc1 Kh7 32. f4 Ne7 33. Bd5 Rf8 34. Bb2
Nc6 35. Rde3 Bd8 36. Re8 Rxe8 37. Rxe8 Re7 38. Rh8+ Kg6 39. Bf3 Ba5 40. h4 Nd4
41. h5+ Kg7 42. Rb8 b6 43. Rb7 Rxb7 44. Bxb7 Bd2 45. Kg2 a5 46. Bc8 Kf6 47. Kf2
Kf7 48. Bxd4 cxd4 49. Bxf5 Kf6 50. Bd3 Bc3 51. Ke2 Bb4 52. g4 Bc3 53. Be4 Bb2
54. Kd2 Ba3 55. Bc2 Bb4+ 56. Kd3 Bc3 57. Ke4 Bd2 58. Bd3 Be3 59. f5 Bc1 60.
Kxd4 Ba3 61. Kd5 Bb4 62. Kc6 Bc5 63. Be4 Kg5 64. Bd5 Kf6 65. Kb5 Kg5 66. Kc6
Kf6 67. Kc7 Kg5 68. Kd7 Kf6 69. Be6 Bb4 70. Kc6 Bc5 71. Kb5 Kg5 72. Ka4 Kf6 73.
a3 Kg5 74. b4 axb4 75. axb4 Bd4 76. Kb3 Bf2 77. Ka4 Be1 78. Kb5 Bd2 79. Kxb6
Bxb4 80. Kc6 Ba3 81. Kd7 Kf6 82. Bg8 Bb4 83. Bh7 Ba3 84. Bg6 Bb4 85. g5+ hxg5
86. h6 Bc3 87. h7 Kg7 88. Ke6 g4 89. f6+ Kh8 90. f7 Bg7 91. Ke7 d5 92. c5 g3
93. c6 g2 94. c7 Bf8+ 95. Kxf8 g1=Q 96. c8=Q Qe3 97. Qd8 Qe5 98. Bf5 d4 99. Bc8
d3 100. Qd7 Qg7+ 101. Ke8 Qe5+ 102. Qe7 Qg7 103. Bf5 1-0

[Event "II MAGISTRAL VERANO ABC_COLOR 2014"]
[Site "Asuncion"]
[Date "2014.01.28"]
[Round "5"]
[White "Zacarias, M Ruben D"]
[Black "Brito, Luismar"]
[Result "0-1"]
[WhiteElo "2174"]
[BlackElo "2271"]
[PlyCount "120"]
[EventDate "2014.01.25"]
[EventRounds "9"]
[EventCountry "PAR"]

1. e4 c5 2. Nf3 d6 3. d4 cxd4 4. Nxd4 Nf6 5. Nc3 a6 6. Bg5 e6 7. Qe2 Be7 8. f4
h6 9. Bh4 g5 10. fxg5 Nh7 11. O-O-O hxg5 12. Bg3 Nf8 13. Nf3 Ng6 14. Bxd6 Bxd6
15. e5 g4 16. Rxd6 Qa5 17. Ng5 Nc6 18. g3 Qxe5 19. Qd2 Ke7 20. Rd3 Rh5 21. Nge4
Qa5 22. Be2 Nge5 23. Re3 Qd8 24. Qxd8+ Nxd8 25. Nf2 Rg5 26. Re1 Ndc6 27. Bd1
Bd7 28. Nce4 Rh5 29. h4 Rg8 30. Nc5 Nc4 31. Rc3 Rxc5 32. Nd3 Re5 33. Rxc4 Rxe1
34. Nxe1 f5 35. Nd3 Kd6 36. Kd2 e5 37. Ke2 b5 38. Rc3 b4 39. Rc4 Be6 40. Rxc6+
Kxc6 41. Nxe5+ Kd6 42. Nd3 Bc4 43. Ke3 Re8+ 44. Kf4 Bxd3 45. cxd3 Re1 46. Bb3
Rf1+ 47. Kg5 Ke5 48. h5 Rf3 49. h6 Rxg3 50. Bf7 Rh3 51. Bh5 Rxd3 52. Kg6 g3 53.
h7 Rd8 54. Bf3 Kf4 55. Bd5 Rh8 56. Kg7 Rxh7+ 57. Kxh7 Ke3 58. Kg6 f4 59. Kg5 f3
60. Kg4 g2 0-1

[Event "II MAGISTRAL VERANO ABC_COLOR 2014"]
[Site "Asuncion"]
[Date "2014.01.28"]
[Round "5"]
[White "Cortes Orihuela, Javier"]
[Black "Almiron, Antonio"]
[Result "0-1"]
[WhiteElo "2146"]
[BlackElo "2221"]
[PlyCount "60"]
[EventDate "2014.01.25"]
[EventRounds "9"]
[EventCountry "PAR"]

1. d4 Nf6 2. Nf3 e6 3. c4 c5 4. d5 exd5 5. cxd5 d6 6. Nc3 g6 7. g3 Bg7 8. Bg2
O-O 9. O-O a6 10. a4 Nbd7 11. Nd2 Re8 12. h3 Rb8 13. Nc4 Ne5 14. Na3 Nh5 15. e4
Bd7 16. g4 b5 17. axb5 axb5 18. gxh5 b4 19. f4 bxa3 20. fxe5 axb2 21. Bxb2 Rxb2
22. Qf3 Rf8 23. exd6 Rb3 24. Rfc1 Qg5 25. Rc2 Bd4+ 26. Kh1 Qe5 27. Rac1 Ra8 28.
Rf1 f6 29. Rfc1 Raa3 30. h6 Bxc3 0-1

[Event "II MAGISTRAL VERANO ABC_COLOR 2014"]
[Site "Asuncion"]
[Date "2014.01.28"]
[Round "5"]
[White "Gomez Benitez, Pedro"]
[Black "Kropff, Ricardo"]
[Result "1-0"]
[WhiteElo "2058"]
[BlackElo "2218"]
[PlyCount "41"]
[EventDate "2014.01.25"]
[EventRounds "9"]
[EventCountry "PAR"]

1. d4 Nf6 2. c4 e6 3. Nc3 Bb4 4. f3 d5 5. a3 Bxc3+ 6. bxc3 c5 7. cxd5 exd5 8.
e3 O-O 9. Bd3 Nc6 10. Ne2 b6 11. O-O Re8 12. g4 Bb7 13. Ng3 Re6 14. Ra2 Ne8 15.
f4 Nd6 16. g5 g6 17. f5 Re8 18. Qg4 Qd7 19. Qh4 c4 20. Qh6 Nd8 21. Nh5 1-0

[Event "II MAGISTRAL VERANO ABC_COLOR 2014"]
[Site "Asuncion"]
[Date "2014.01.29"]
[Round "6"]
[White "Brito, Luismar"]
[Black "Peralta, Eduardo"]
[Result "1-0"]
[WhiteElo "2271"]
[BlackElo "2212"]
[PlyCount "77"]
[EventDate "2014.01.25"]
[EventRounds "9"]
[EventCountry "PAR"]

1. Nc3 e6 2. e4 c5 3. Nf3 d5 4. d4 Nf6 5. e5 Nfd7 6. dxc5 Nc6 7. Bf4 a6 8. a3
Nxc5 9. Bd3 Be7 10. h3 Bd7 11. Be2 O-O 12. O-O b5 13. Qd2 Rc8 14. Rad1 b4 15.
axb4 Nxb4 16. Nd4 Qb6 17. Be3 Qb8 18. f4 f5 19. Ra1 Rfd8 20. g4 g6 21. Kh1 Ne4
22. Nxe4 dxe4 23. gxf5 gxf5 24. c3 Nd3 25. Rg1+ Kh8 26. Rxa6 Qxb2 27. Qxb2 Nxb2
28. Nxe6 Bxe6 29. Rxe6 Rxc3 30. Bb6 Rd7 31. Bb5 Rd2 32. Bf1 Rd7 33. Bd4 Rxd4
34. Rxe7 Rd8 35. Rgg7 Rc1 36. Rxh7+ Kg8 37. Reg7+ Kf8 38. Rf7+ Kg8 39. e6 1-0

[Event "II MAGISTRAL VERANO ABC_COLOR 2014"]
[Site "Asuncion"]
[Date "2014.01.29"]
[Round "6"]
[White "Kropff, Ricardo"]
[Black "Valiente, Cristobal"]
[Result "1/2-1/2"]
[WhiteElo "2218"]
[BlackElo "2240"]
[PlyCount "25"]
[EventDate "2014.01.25"]
[EventRounds "9"]
[EventCountry "PAR"]

1. d4 Nf6 2. Nf3 d5 3. c4 e6 4. Nc3 Be7 5. Bg5 O-O 6. e3 Nbd7 7. Bd3 c6 8. Rc1
dxc4 9. Bxc4 Nd5 10. Bxe7 Qxe7 11. O-O Nxc3 12. Rxc3 b6 13. Qc2 1/2-1/2

[Event "II MAGISTRAL VERANO ABC_COLOR 2014"]
[Site "Asuncion"]
[Date "2014.01.29"]
[Round "6"]
[White "Jimenez, Joaquin"]
[Black "Gomez Benitez, Pedro"]
[Result "1-0"]
[WhiteElo "2190"]
[BlackElo "2058"]
[PlyCount "55"]
[EventDate "2014.01.25"]
[EventRounds "9"]
[EventCountry "PAR"]

1. Nf3 f5 2. g3 Nf6 3. Bg2 e6 4. b3 Be7 5. O-O O-O 6. Bb2 d6 7. c4 e5 8. Nc3 c6
9. d3 Kh8 10. b4 Be6 11. b5 Qc7 12. Rc1 c5 13. a4 Nbd7 14. a5 Rad8 15. Ra1 h6
16. b6 axb6 17. Nb5 Qb8 18. a6 bxa6 19. Rxa6 d5 20. Qa1 Bd6 21. Nxd6 Qxd6 22.
Nxe5 Kh7 23. Nxd7 Rxd7 24. Be5 Qe7 25. Rxb6 dxc4 26. Qa6 Re8 27. Bxf6 Qxf6 28.
Bc6 1-0

[Event "II MAGISTRAL VERANO ABC_COLOR 2014"]
[Site "Asuncion"]
[Date "2014.01.29"]
[Round "6"]
[White "Zacarias, M Ruben D"]
[Black "Cortes Orihuela, Javier"]
[Result "1/2-1/2"]
[WhiteElo "2174"]
[BlackElo "2146"]
[PlyCount "42"]
[EventDate "2014.01.25"]
[EventRounds "9"]
[EventCountry "PAR"]

1. e4 e5 2. Nf3 Nc6 3. Bc4 Bc5 4. c3 Nf6 5. d3 d6 6. h3 h6 7. Nbd2 a6 8. Bb3
Ba7 9. Nf1 Qe7 10. Qe2 Be6 11. Bc2 d5 12. Bd2 g6 13. a3 Rd8 14. g4 Nd7 15.
O-O-O d4 16. Kb1 b5 17. Ng3 Rb8 18. Qe1 Qf6 19. Qe2 Qe7 20. Qe1 Qf6 21. Qe2 Qe7
1/2-1/2

[Event "II MAGISTRAL VERANO ABC_COLOR 2014"]
[Site "Asuncion"]
[Date "2014.01.30"]
[Round "7"]
[White "Cortes Orihuela, Javier"]
[Black "Brito, Luismar"]
[Result "0-1"]
[WhiteElo "2146"]
[BlackElo "2271"]
[PlyCount "87"]
[EventDate "2014.01.25"]
[EventRounds "9"]
[EventCountry "PAR"]

1. d4 Nf6 2. c4 e6 3. g3 Bb4+ 4. Bd2 Qe7 5. Nf3 b6 6. Bg2 Bb7 7. O-O Bxd2 8.
Qxd2 d6 9. Nc3 O-O 10. Rfe1 Nbd7 11. e4 e5 12. Rad1 Rfe8 13. h3 a5 14. d5 Nc5
15. b3 Bc8 16. Qc2 g6 17. a3 Bd7 18. b4 Nb7 19. Qe2 axb4 20. axb4 c5 21. dxc6
Bxc6 22. Ra1 Qc7 23. Nd2 Rec8 24. Nf1 Nd8 25. Nd5 Nxd5 26. cxd5 Bd7 27. Qd2
Rxa1 28. Rxa1 Kg7 29. g4 f6 30. Ne3 Nf7 31. Ra2 Bb5 32. Rc2 Qd7 33. Rxc8 Qxc8
34. Qc2 Qa6 35. Qc3 Qa2 36. h4 Qb1+ 37. Kh2 Bd3 38. f3 Bb5 39. h5 Kf8 40. Qc8+
Be8 41. Qc3 Ng5 42. h6 b5 43. Qc7 Nf7 44. g5 $138 0-1

[Event "II MAGISTRAL VERANO ABC_COLOR 2014"]
[Site "Asuncion"]
[Date "2014.01.30"]
[Round "7"]
[White "Gomez Benitez, Pedro"]
[Black "Almiron, Antonio"]
[Result "1/2-1/2"]
[WhiteElo "2058"]
[BlackElo "2221"]
[PlyCount "31"]
[EventDate "2014.01.25"]
[EventRounds "9"]
[EventCountry "PAR"]

1. d4 Nf6 2. c4 c5 3. d5 e6 4. Nc3 exd5 5. cxd5 d6 6. e4 g6 7. Bd3 a6 8. a4 Bg7
9. h3 O-O 10. Nf3 Nbd7 11. O-O Nh5 12. Bg5 Bf6 13. Bh6 Bg7 14. Bg5 Bf6 15. Bh6
Bg7 16. Bg5 1/2-1/2

[Event "II MAGISTRAL VERANO ABC_COLOR 2014"]
[Site "Asuncion"]
[Date "2014.01.30"]
[Round "7"]
[White "Peralta, Eduardo"]
[Black "Kropff, Ricardo"]
[Result "1/2-1/2"]
[WhiteElo "2212"]
[BlackElo "2218"]
[PlyCount "32"]
[EventDate "2014.01.25"]
[EventRounds "9"]
[EventCountry "PAR"]

1. d4 Nf6 2. Nf3 d5 3. c4 e6 4. Nc3 Bb4 5. e3 O-O 6. Bd3 c5 7. O-O dxc4 8. Bxc4
cxd4 9. exd4 b6 10. a3 Bxc3 11. bxc3 Bb7 12. Bd3 Nbd7 13. Re1 Qc7 14. Bd2 Rfe8
15. Ne5 Nxe5 16. Rxe5 Qc6 1/2-1/2

[Event "II MAGISTRAL VERANO ABC_COLOR 2014"]
[Site "Asuncion"]
[Date "2014.01.31"]
[Round "8"]
[White "Brito, Luismar"]
[Black "Kropff, Ricardo"]
[Result "1/2-1/2"]
[WhiteElo "2271"]
[BlackElo "2218"]
[PlyCount "71"]
[EventDate "2014.01.25"]
[EventRounds "9"]
[EventCountry "PAR"]

1. Nc3 d5 2. d4 c6 3. e4 dxe4 4. Nxe4 Bf5 5. Ng3 Bg6 6. Nf3 Nd7 7. h4 h6 8. h5
Bh7 9. Bd3 Bxd3 10. Qxd3 e6 11. Bf4 Qa5+ 12. c3 Ngf6 13. a4 Nd5 14. Bd2 Qc7 15.
Ne4 N5f6 16. g3 Nxe4 17. Qxe4 Bd6 18. Kf1 c5 19. a5 a6 20. b4 cxb4 21. cxb4 Nf6
22. Qe2 Qc6 23. Rh4 O-O 24. g4 Rfc8 25. g5 hxg5 26. Nxg5 Qc4 27. Qxc4 Rxc4 28.
h6 gxh6 29. Rxh6 Kg7 30. Rh4 Bxb4 31. Bf4 Nd5 32. Be5+ f6 33. Nxe6+ Kf7 34. Nc7
fxe5 35. Nxd5 Rd8 36. Ne3 1/2-1/2